MDQL
is popping MORE tags! Check the
thread
!
Quizzes
Events
Quiz Creation
Community
Videos
Private Events
Remove Ads
Sign In
Join for FREE
Feedback
Dark Mode
Quiz Categories
Sports
Geography
Music
Movies
Television
Just For Fun
Miscellaneous
History
Literature
Language
Science
Gaming
Entertainment
Religion
Holiday
For Kids
Quiz Lab
Recent
Popular Today
Quiz Kudos Today
Editor Picks
Curator Picks
Quizzes by...
Day
Popularity
Type
Ratings
Length
Year
Community
Subscriptions
Recent Discussions
Orange Saloon
Badges
Playlists
Quests
Create
Leaderboards
Showdown
Live 5
Trivia Bingo
Activity
Puzzle Library
Sporcle Events
Private Events
Virtual Trivia
Globe League
Become a Host
Pub Owners
SporcleCon
Opinionation
Our Games
Videos
Blog
Mobile Apps
Partnerships
Remove Ads and Go Orange
Feedback
Just For Fun
Clickable
Get the Picture
Humor
Quick Pick
Word Ladder
Missing Word
Mixed Word
Blitz
Minefield
This or That
Alphabet
Color
Typing
Sporcle
Puzzle
Word Play
Follow That Line
Logic
Just For Fun
Clickable
Get the Picture
Humor
Quick Pick
Word Ladder
Missing Word
Mixed Word
Blitz
Minefield
This or That
Alphabet
Color
Typing
Sporcle
Puzzle
Word Play
Follow That Line
Logic
Random Quiz
Search Sporcle
×
Quiz Lab
Quiz Lab
Just For Fun
Seven
Type in answers that appear in a list
Type in answers that appear in a list
Classic
Best Score? Go Orange.
Groups of Seven Stats
Can you name the Groups of Seven?
By
stefangel121
10m
49 Questions
273 Plays
273 Plays
273 Plays
Comments
Comments
Give Quiz Kudos
Give Quiz Kudos
-
- Ratings
hide this ad
Replay
Link that replays current quiz
Next Quiz
Link to next quiz in quiz playlist
You Got
0%
They Got
Avg Score
47%
Avg Friend Score
Upgrade to see
Score Distribution
Jump to the score distribution portion of the page
Score
0/49
Timer
10:00
0
Plays Today
Seven...
Answer
% Correct
Blue
96%
Colors of the Rainbow
Red
95.2%
Green
93.8%
Yellow
93.4%
Orange
92.7%
Doc
87.5%
Sleepy
87.2%
Violet
86.8%
Indigo
85.7%
Dopey
84.6%
North Pacific
83.9%
South Pacific
83.9%
Oceans
North Atlantic
83.5%
South Atlantic
83.5%
Grumpy
81.3%
Indian
79.5%
Sneezy
78.4%
Happy
76.6%
Dwarves
Bashful
73.3%
Arctic
71.8%
Gluttony
71.4%
Lust
71.1%
Deadly Sins
Avarice
69.2%
Sloth
69.2%
Envy
64.5%
Seven...
Answer
% Correct
Pride
46.5%
Antarctic
45.4%
Wrath
39.6%
Charity
21.6%
Faith
20.1%
Hope
16.5%
Ages of Man According to Shakespeare
Infant
14.3%
Gifts of the Holy Spirit
Wisdom
10.3%
Temperance
8.8%
Knowledge
8.4%
Second Childhood
7.7%
Prudence
7%
Fortitude
6.6%
Fortitude
6.6%
Virtues
Justice
5.9%
Justice
5.9%
Piety
5.1%
Schoolboy
4.8%
Soldier
4.8%
Lover
3.7%
Understanding
3.7%
Counsel
3.3%
Pantaloon
2.9%
Fear of the Lord
2.6%
Quiz Playlist
Details
Report
Send in Message
Add To Playlist
Classic:
Type in answers that appear in a list
Last Updated: Feb 16, 2017
Quiz Scoreboard
CHALLENGE
Sign Up to Join the Scoreboard
Show All
Scores
Hide
Comments
May contain spoilers
Recently Published
5x2 Blitz: Bands
by SL_Kpop136
Music
30s
Colored Red Africa Blitz
by spor1
Geography
30s
Find the 'City' Movie
by crazypaving
Movies
60s
More to Explore
Quiz From the Vault
Featured Blog Post
14 Easter Pick-up Lines to Find Eggs With
hide this ad
You Might Also Like...
Tags
group
Seven
Today's Top Quizzes in Just For Fun
Browse Just For Fun
hide this ad
Today's Top Quizzes in Seven
Browse Seven
Top Contributed Quizzes in Just For Fun
1
Avatar the Last Airbender: Logic Puzzle
2
Name Just One - 10 to 1: Just For Fun
3
Missing Word: 2-Letter A-Z II
4
Missing Letter Whitney Houston Songs
5
Survivor Winners Logic Puzzle
6
Shadowhunters Protagonists Logic Quiz
7
Quick 5-Color Logic (18)
8
Medium Renzoku Puzzle 11
9
It's Magic / Witchcraft 🎩🪄🧙♀️
10
Killer Double Trees 224 - Colour Match-Up
Explore More
Trending Topics
Anime
Harry Potter
Crossword
Marvel
Kpop
NBA
Disney
Puzzle
Song
Pokémon
WWE
Soccer
The Office
Country
NFL
hide this ad
More By:
stefangel121
Quiz
Plays
Rating
Category
Featured
Created
Groups of Seven
273
3.00
Just For Fun
Dec 4, 2009
Classic Medical Term Prefix/Suffix Quiz
221
3.00
Science
Aug 29, 2012
Suture Review
103
Science
Apr 23, 2012
Surgical Nursing Exam 1
96
Science
Sep 26, 2011
Pharmacokinetics
91
Science
Feb 8, 2011
Go to Creator's Profile
Score Distribution
Quiz Creator Spotlight
stefangel121
Follow
Send a Message
Quizzes Created
-
Created Quiz Play Count
-
More By This Creator
Popular Quizzes Today
1
Colored Red Africa Blitz
2
Find the 'City' Movie
3
5x2 Blitz: Bands
4
Find the US States - No Outlines Minefield
5
The Countries of the World
6
Find the US States
7
US States
8
Find the Countries of Europe - No Outlines Minefield
More Just For Fun Quizzes
Quick Pick: Kurt Russell
Quiz Lab
Trending Quizzes
Colored Red Europe Blitz I
Colored Red Europe Blitz II
Colored Red Africa Blitz II
Colored Red Europe Blitz III
Colored Red Africa Blitz III
Recently Updated
How Do You Spell That?
pecheneg
Godzilla Movies
pecheneg
Grab Bag: 4-10 Letters
pecheneg
2024 March Madness Bracket
pecheneg
Famous TV Couples
Peacemaker
Champions League XIs: Real Madrid
pecheneg
Largest US Cities 1790-2010
pecheneg
Rides in Walt Disney World
pecheneg
Most Oscar Losses (Acting)
pecheneg
Beyoncé Albums
pecheneg
Trending Topics
Kpop
NBA
Disney
Harry Potter
Anime
Marvel
Crossword
Pokémon
NFL
Song
Soccer
Puzzle
Country
The Office
WWE
Your Account Isn't Verified!
In order to create a playlist on Sporcle, you need to verify the email address you used during registration. Go to your
Sporcle Settings
to finish the process.
Report this User
Report this user for behavior that violates our
Community Guidelines
.
Details:
Send Report
Go to the Sporcle.com Mobile Site →
Comments